000 00991nam a2200373 a 4500
003 AR-BaBNM
005 20251128205948.0
008 082120s2002 ||||||||||||||000 | spa||
020 _a968-23-1684-7
040 _cAR-BaBNM
100 1 _aDobb, Maurice
245 0 0 _aEstudios sobre el desarrollo del capitalismo
250 _a25ª ed.
260 _aMéxico, D.F.
_bSiglo Veintiuno
_c1996
300 _a496 p.
490 0 _aHistoria
500 _aApéndice p. 465-496
650 4 _aHISTORIA ECONOMICA
650 4 _aSISTEMAS ECONOMICOS
650 4 _aFEUDALISMO
650 4 _aCAPITALISMO
650 4 _aECONOMIA PLANIFICADA
650 4 _aPROTECCIONISMO
650 4 _aLIBRE COMERCIO
650 4 _aHISTORIA EUROPEA
650 4 _aHISTORIA MEDIEVAL
650 4 _aHISTORIA MODERNA
650 4 _aSISTEMAS ECONOMICOS
650 4 _aSISTEMAS CAPITALISTAS
653 _aREVOLUCION INDUSTRIAL
700 1 _aEtcheverry, Luis
_etraductor
942 _cBK
998 _cMariana
999 _c13496
_d13496